|
|
|
|
| LEADER |
00000cas a2200000 c 4500 |
| 001 |
270929959 |
| 003 |
DE-627 |
| 005 |
20250604143803.0 |
| 007 |
tu |
| 008 |
990624c19969999be z| m| 0 |0und c |
| 016 |
7 |
|
|a 019711549
|2 DE-101
|
| 016 |
7 |
|
|a 1478160-8
|2 DE-600
|
| 035 |
|
|
|a (DE-627)270929959
|
| 035 |
|
|
|a (DE-576)061591599
|
| 035 |
|
|
|a (DE-599)ZDB1478160-8
|
| 035 |
|
|
|a (OCoLC)1368080359
|
| 040 |
|
|
|a DE-627
|b ger
|c DE-627
|e rakwb
|
| 044 |
|
|
|c XA-BE
|
| 082 |
0 |
4 |
|a 340
|q DE-600
|
| 084 |
|
|
|a 2
|2 ssgn
|
| 245 |
0 |
0 |
|a Ius commune Europaeum
|
| 264 |
3 |
1 |
|a Antwerpen [u.a.]
|b Intersentia
|c 1996-
|
| 264 |
2 |
1 |
|a Antwerpen [u.a.]
|b MAKLU
|c anfangs
|
| 336 |
|
|
|a Text
|b txt
|2 rdacontent
|
| 337 |
|
|
|a ohne Hilfsmittel zu benutzen
|b n
|2 rdamedia
|
| 338 |
|
|
|a Band
|b nc
|2 rdacarrier
|
| 362 |
0 |
|
|a 17.1996 -
|
| 363 |
0 |
1 |
|a 17
|i 1996
|
| 655 |
|
7 |
|a Monografische Reihe
|0 (DE-588)4179998-7
|0 (DE-627)104628669
|0 (DE-576)209995106
|2 gnd-content
|
| 780 |
0 |
0 |
|i Vorg.
|t Ius commune
|d Antwerpen [u.a.] : MAKLU, 1993
|w (DE-627)270929932
|w (DE-600)1478159-1
|w (DE-576)045129967
|k Non-Electronic
|
| 889 |
|
|
|w (DE-603)189478438
|
| 935 |
|
|
|i sdedup20221106
|
| 951 |
|
|
|a ST
|
| ELC |
|
|
|b 1
|
| LOK |
|
|
|0 000 xxxxxcx a22 zn 4500
|
| LOK |
|
|
|0 001 2862537624
|
| LOK |
|
|
|0 003 DE-627
|
| LOK |
|
|
|0 004 270929959
|
| LOK |
|
|
|0 005 20150908154146
|
| LOK |
|
|
|0 008 150908||||||||||||||||ger|||||||
|
| LOK |
|
|
|0 040
|a DE-21-110
|c DE-627
|d DE-21-110
|
| LOK |
|
|
|0 852
|z Kein Bestand am IfK; Nachweis für KrimDok
|
| LOK |
|
|
|0 852
|a DE-21-110
|
| LOK |
|
|
|0 852 1
|m v
|9 00
|
| LOK |
|
|
|0 938
|k v
|
| LOK |
|
|
|0 939
|a 08-09-15
|b l01
|
| ORI |
|
|
|a SA-MARC-krimdoka001.raw
|
| SPR |
|
|
|a 1
|t KRI
|